000
00363nam a2200133Ia 4500
008
151001s9999||||xx |||||||||||||| ||und||
100
_a
वा शि आपटे
245
_a
नाट्य व्यवहार
250
_a
1
260
_b
श्रीराम बुक एजन्सी
260
_c
1989
300
_a
144
365
_b
21
999
_c
969642
_d
969639